The Negro in North Carolina politics since reconstruction /

Bibliographic Details
Main Author: Mabry, William Alexander, 1906-
Format: Book
Language:English
Published: Durham, N.C. : Duke University Press, 1940.
Series:Historical papers of the Trinity College Historical Society, ser. XXIII
Subjects:

MARC

Tag First Indicator Second Indicator Subfields
LEADER 00000cam a2200000 4500
001 in00000038767
005 20151007081255.0
008 780412s1940 ncu b 00010 engm
010 |a  40013197  
035 |a (OCoLC)03794782 
035 |9 AAF6135AM 
040 |a DLC  |c NRC  |d NRC  |d TXA  |d UtOrBLW 
043 |a n-us-nc 
049 |a TXAM  |c [315891] 
050 0 0 |a F251  |b .D83 ser. XXIII 
082 0 |a 324.15 
092 |a 324.1  |b M112n 
100 1 |a Mabry, William Alexander,  |d 1906- 
245 1 4 |a The Negro in North Carolina politics since reconstruction /  |c by William Alexander Mabry. 
264 1 |a Durham, N.C. :  |b Duke University Press,  |c 1940. 
300 |a vii, 87 pages ;  |c 24 cm. 
336 |a text  |b txt  |2 rdacontent 
337 |a unmediated  |b n  |2 rdamedia 
338 |a volume  |b nc  |2 rdacarrier 
490 0 |a Historical papers of the Trinity College Historical Society, ser. XXIII 
504 |a Bibliography: pages [84]-87. 
650 0 |a African Americans  |x Politics and government. 
650 0 |a Suffrage  |z Southern States. 
651 0 |a Southern States  |x Politics and government  |y 1865- 
999 |a MARS 
999 f f |s 3c4621b1-1ebf-34ff-9b89-ad7ea4918820  |i 2df34e6a-d2d5-399e-9794-d1398dbce619  |t 0 
952 f f |p ric  |a Texas A&M University  |b Rellis Campus  |c Joint Library Facility  |d Remote Storage  |t 0  |e F251 .D83 ser. XXIII  |h Library of Congress classification  |i unmediated -- volume  |m A14800667744 
998 f f |a F251 .D83 ser. XXIII  |t 0  |l Remote Storage